| Tag |
First Indicator |
Second Indicator |
Subfields |
| LEADER |
00000cam a2200000 a 4500 |
| 001 |
in00002785345 |
| 005 |
20211120170501.0 |
| 006 |
m o d f |
| 007 |
cr bn||||||||| |
| 008 |
121109s2012 dcua ob f000 0 eng c |
| 035 |
|
|
|a (OCoLC)ocn816655957
|
| 040 |
|
|
|a GPO
|c GPO
|d SEN
|d GPO
|d MvI
|d UtOrBLW
|
| 042 |
|
|
|a pcc
|
| 043 |
|
|
|a n-us---
|
| 049 |
|
|
|a WWW
|
| 050 |
1 |
4 |
|a KF26
|b .C69 2012a
|
| 074 |
|
|
|a 1041-C (online)
|
| 086 |
0 |
|
|a Y 4.C 73/7:S.HRG.112-562
|
| 110 |
1 |
|
|a United States.
|b Congress.
|b Senate.
|b Committee on Commerce, Science, and Transportation.
|
| 245 |
1 |
0 |
|a Medication and performance-enhancing drugs in horse racing :
|b hearing before the Committee on Commerce, Science, and Transportation, United States Senate, One Hundred Twelfth Congress, second session, July 12, 2012.
|
| 246 |
3 |
|
|a Medication and performance enhancing drugs in horse racing
|
| 264 |
|
1 |
|a Washington :
|b U.S. G.P.O.,
|c 2012.
|
| 300 |
|
|
|a 1 online resource (iv, 148 pages) :
|b illustrations
|
| 336 |
|
|
|a text
|b txt
|2 rdacontent
|
| 337 |
|
|
|a computer
|b c
|2 rdamedia
|
| 338 |
|
|
|a online resource
|b cr
|2 rdacarrier
|
| 490 |
1 |
|
|a S. hrg. ;
|v 112-562
|
| 500 |
|
|
|a Title from title screen (viewed on Nov. 9, 2012).
|
| 504 |
|
|
|a Includes bibliographical references.
|
| 500 |
|
|
|a Electronic resource.
|
| 650 |
|
0 |
|a Doping in horse racing
|z United States.
|
| 650 |
|
0 |
|a Equine sports medicine
|x Corrupt practices
|z United States
|x Prevention.
|
| 650 |
|
0 |
|a Veterinary drugs
|x Corrupt practices
|z United States
|x Prevention.
|
| 650 |
|
0 |
|a Horse racing
|x Corrupt practices
|z United States
|x Prevention.
|
| 776 |
0 |
8 |
|i Print version:
|a United States. Congress. Senate. Committee on Commerce, Science, and Transportation.
|t Medication and performance-enhancing drugs in horse racing
|w (OCoLC)818659097
|
| 776 |
0 |
8 |
|i Microfiche version:
|a United States. Congress. Senate. Committee on Commerce, Science, and Transportation.
|t Medication and performance-enhancing drugs in horse racing
|w (OCoLC)828681544
|
| 810 |
1 |
|
|a United States.
|b Congress.
|b Senate.
|t S. hrg. ;
|v 112-562.
|
| 856 |
4 |
0 |
|u https://purl.fdlp.gov/GPO/gpo30950
|t 0
|
| 999 |
|
|
|a MARS
|
| 999 |
f |
f |
|s 782d14b5-f491-3907-8a3c-8e83da5a11bc
|i b6f21142-c97d-3e66-bb35-3404aac4518f
|t 0
|
| 952 |
f |
f |
|a Texas A&M University
|b College Station
|c Electronic Resources
|d Available Online
|t 0
|e Y 4.C 73/7:S.HRG.112-562
|h Superintendent of Documents classification
|
| 998 |
f |
f |
|a Y 4.C 73/7:S.HRG.112-562
|t 0
|l Available Online
|